|
|
|
|
| LEADER |
00680nab a2200169 i 4500 |
| 001 |
univ44359 |
| 005 |
20180308101242.0 |
| 008 |
171214s2015 hu o 0|| zxx d |
| 040 |
|
|
|a SZTE UnivHistória Repozitórium
|b hun
|
| 041 |
|
|
|a zxx
|
| 100 |
1 |
|
|a Gajzer Erzsébet
|
| 245 |
1 |
0 |
|a Partnertalálkozóval is segíti hallgatói elhelyezkedését az SZTE ÁJTK
|h [elektronikus dokumentum] /
|c Gajzer Erzsébet
|
| 260 |
|
|
|c 2015-05-05
|
| 490 |
0 |
|
|a SZTE Info
|
| 561 |
|
|
|a Egyetemi hirarchívum
|
| 695 |
|
|
|a Görög Márta, Hajdú József, Állam és Jogtudományi Kar, Szakmai gyakorlat
|
| 856 |
4 |
0 |
|u http://univ.bibl.u-szeged.hu/44359/1/szteinfo_2015_05_05_partnertalalkozo.pdf
|z Dokumentum-elérés
|